Propagačná stratégia a jej dôležitosť v podporných aktivitách s.r.o. AllDeco, Jaslovské Bohunice : Diplomová práca

Na minha lista:
Detalhes bibliográficos
Autor principal: Miča, Pavol (Author)
Outros Autores: Burcl, Rudolf, 1933- (xxx)
Formato: Manuscrito Livro
Idioma:eslovaco
Publicado em: Trnava : STU v Bratislave MtF KMK, 1999
Assuntos:
Tags: Adicionar Tag
Sem tags, seja o primeiro a adicionar uma tag!

MARC

LEADER 00000ntm a22000003a 4500
001 stu53889
005 20160719155242.4
008 000607s1999----xo------------------slo-d
040 |a STU  |b slo 
041 0 |a slo 
044 |a xo 
100 1 |a Miča, Pavol  |4 aut 
245 1 |a Propagačná stratégia a jej dôležitosť v podporných aktivitách s.r.o. AllDeco, Jaslovské Bohunice :  |b Diplomová práca 
260 |a Trnava :  |b STU v Bratislave MtF KMK,  |c 1999 
300 |a 60 s  |c výťah 
650 7 |a propagácia podniková  |2 stusub 
650 7 |a manažment priemyselných podnikov  |2 stusub 
700 1 |a Burcl, Rudolf,  |d 1933-  |4 xxx  |u M190  |U MTF Materiálovotechnologická fakulta  |T MTF Katedra priemyselného inžinierstva a manažmentu  |X 1534  |U M190  |Y 167  |7 A000001534 
996 |b 284M009102  |c M*DP-356  |l MMSKP  |s P  |a 0  |w stu53889_0001